Statistiques concernant Culture Générale par année - 2021

Cliquez ici pour prendre le quiz!

Statistiques générales

  • Ce quiz a été pris 61 fois
  • Le résultat moyen est 4 sur 20

Statistiques - réponses

HintRéponse% Correct
Quel pays a remporté la Copa América 2021 ?Argentine
81%
Quel est le nom du chef d'État américain qui a succédé à Donald Trump en janvier 2021 ?Joe Biden
59%
Quelle entreprise a lancé un nouveau modèle de voiture électrique, la Model S Plaid, en juin 2021 ?Tesla
51%
Quel événement sportif international a été organisé avec succès en Australie en janvier 2021, malgré la pandémie de COVID-19 ?Open d'Australie
37%
Quel est le nom du film de science-fiction réalisé par Denis Villeneuve, sorti en septembre 2021 ?Dune
22%
Quel pays a organisé la 47ème édition du G7 en juin 2021 ?Royaume-Uni
22%
Quel est le nom de la chanteuse américaine qui a remporté le Grammy Award de l'Album de l'année en mars 2021 ?Taylor Swift
19%
Quel est le nom de la conférence internationale sur le climat qui a eu lieu en novembre 2021 à Glasgow, en Écosse ?COP26
17%
Quel est le nom de la chanteuse américaine qui a interprété l'hymne national lors de l'investiture de ce dernier ?Lady Gaga
14%
Quel est le nom du télescope spatial lancé par la NASA en décembre 2021, qui devrait explorer l'origine de l'univers ?James Webb
10%
Quel événement sportif international a été reporté en raison de la pandémie de COVID-19 en 2021 ?Les Jeux Olympiques de Tokyo
10%
Quel musicien légendaire et fondateur du groupe The Rolling Stones est décédé en août 2021 ?Charlie Watts
5%
Quelle ville japonaise a été touchée par un séisme de magnitude 7 en février 2021 ?Fukushima
5%
Quel événement sportif international a été remporté par la France en septembre 2021 ?Coupe Davis
2%
Quel est le nom de l'ouragan de catégorie 4 qui a touché la Louisiane et le Mississippi en août 2021 ?Ida
2%
Quelle entreprise a été victime d'une cyberattaque en mai 2021, entraînant la fermeture temporaire de certains de ses services ?Colonial Pipeline
0%
Quel est le nom de la navette spatiale de SpaceX qui a envoyé quatre astronautes vers la Station spatiale internationale en avril 2021 ?Crew-2
0%
Quel est le nom de la sonde spatiale qui a atterri sur Mars en février 2021 ?Perseverance
0%
Quel est le nom du tunnel de transport sous-marin qui a été inauguré en Norvège en mai 2021 ?Tunnel de Stad
0%
Quel événement politique a eu lieu en Birmanie en février 2021, entraînant le renversement du gouvernement en place ?Un coup d'État militaire
0%

Distribution des résultats

Percentile par nombre de réponses

% des personnes avec chaque résultat

Votre développement - résultats

Vous n’avez pas pris ce quiz